Maantiedettä kirjaimittain - C - Statistics

Yleistilastot
  • Tätä visaa on pelattu 1 315 kertaa
  • Keskiarvotulos 10 / 20
Vastaustilastot
Vihje Vastaus % Oikein
Pitkä ja kapea valtio Tyynenmeren ja Andien välissä Chile
90%
Panaman ja Nicaraguan välissä sijaitseva valtio Costa Rica
87%
Rooman tunnettu amfiteatteri Colosseum
82%
Elokuvajuhlistaan tunnettu kaupunki Ranskan Rivieralla Cannes
76%
Yhdysvaltain kolmanneksi suurin kaupunki Chicago
75%
Marokon suurin kaupunki Casablanca
60%
Walesin pääkaupunki Cardiff
58%
Grand Canyonin halki virtaava joki Colorado
53%
Y-kirjaimen muotoinen tunnettu järvi Pohjois-Italiassa {Como}järvi
53%
Kuuban eteläpuolella sijaitseva brittiläinen merentakainen alue {Cayman}saaret
51%
Suuri kaupunki Albertassa, Kanadassa Calgary
49%
Sri Lankan suurin kaupunki Colombo
44%
Uuden-Seelannin hallinnoima lähes itsenäinen saaristo Tyynellämerellä {Cookin}saaret
34%
Ranskan kaupunki lähimpänä Ison-Britannian saarta Calais
30%
Matkailukaupunki Jukatanin niemimaalla Cancun
27%
Aiemmin nimellä Madras tunnettu suurkaupunki Intiassa Chennai
26%
Pohjois-Amerikan väkirikkain intiaanikansa Cherokeet
25%
Sulawesin vanha nimi Celebes
15%
Kiinan Sichuanissa sijaitseva pandoista tunnettu suurkaupunki Chengdu
15%
Öljyrikas Angolan eksklaavi, joka tunnettiin siirtomaa-aikaan nimellä "Portugalin Kongo" Cabinda
8%
Ehtoja vastaavia visoja ei löytynyt
Tulosjakauma
Jokaisen tuloksen saaneiden osuus
Persentiili vastausten määrän mukaan
Tuloshistoriasi
Et ole pelannut tätä visaa